000 00693nam a2200229Ia 4500
001 16655
003 GE_BSU
008 181216s||||||||xx |||||||||||||| ||und||
040 _cGE_BSU
080 _a821.353.1-31
100 _aლორია, პარმენ
245 _aდაბადების დღე
245 _bრომანი
245 _cრედ.ე.ახვლედიანი. მხატვ.ნ.მალაზონია
260 _aთბილისი
260 _bნაკადული
260 _c1966
300 _a95გვ. ; 20სმ
653 _aდაბადების დღე
653 _aრომანი
942 _cBK
999 _c49721
_d49721